Germinal
Αποθηκεύτηκε σε:
| Κύριος συγγραφέας: | |
|---|---|
| Μορφή: | Βιβλίο |
| Γλώσσα: | Undetermined |
| Έκδοση: |
Madrid, España
EDAF
1966
|
| Θέματα: | |
| Ετικέτες: |
Προσθήκη ετικέτας
Δεν υπάρχουν, Καταχωρήστε ετικέτα πρώτοι!
|
MARC
| LEADER | 00000nam a2200000Ia 4500 | ||
|---|---|---|---|
| 008 | 170316s9999 xx 000 0 und d | ||
| 040 | |a cru BVZT | ||
| 090 | |a 840 Z-1g | ||
| 100 | |a Zola, Emile | ||
| 245 | |a Germinal | ||
| 260 | |a Madrid, España | ||
| 260 | |b EDAF | ||
| 260 | |c 1966 | ||
| 300 | |a 441 páginas | ||
| 650 | |a LITERATURA FRANCESA | ||
| 999 | |c 8081 |d 8081 | ||
| 942 | |c 15 D |h 840 Z-1g |2 z | ||
